Statistiken für Allgemeinwissen Quiz

Klicken Sie hier um das Quiz zu spielen!

Allgemein

  • Dieses Quiz wurde 263 mal gespielt
  • Das Durchschnittsergebnis liegt bei 6 aus 10

Antwortstatistiken

FrageAntwort% Korrekt
Welche Comicreihe beginnt mit dem Vorwort "Wir befinden uns im Jahre 50 v.Chr..."?Asterix
94%
Welches Berliner Bauwerk wird seit 1990 als Symbol der deutschen Wiedervereinigung gesehen?Brandenburger Tor
88%
Welcher dieser Songs stammt von dem Duo The Weather Girls?It's Raining Men
72%
Wer gewann am häufigsten das Tennisturnier von Wimbledon im Einzel?Roger Federer
68%
Welcher dieser Bundeskanzler war kein Mitglied der CDU?Helmut Schmidt
60%
Bei welchem dieser Bilder handelt es sich um Mangold?
59%
Wer gilt als Erfinder des absturzsicheren Aufzugs?Elisha Graves Otis
35%
Welches dieser Tiere ist kein Fisch?Zwergschnäpper
34%
Welches dieser Tiere hat die längste Tragzeit?
32%
Welcher dieser Filmschurken ist nicht auf der 2003 vom American Film Institute veröffentlichten Liste der 50 größten Schurken des amerikanischen Films vertreten?Predator (Predator)
32%

Verteilung der Resultate

Perzentil nach korrekt beantworteten Fragen

Anzahl Personen mit jedem Resultat

Ihre Resultats-Entwicklung

Sie haben dieses Quiz noch nicht gespielt